000 00516nam a2200169 i 4500
001 142264
003 ES-MaACL
005 20230906200500.0
007 t|
008 071004s1960 sp |||| | spa d
100 1 _aVigón, Jorge.
_9114665
245 1 3 _aLa vigorización económica de Castilla
_b: una tarea inaplazable /
_cJorge Vigón.
260 _aMadrid :
_bEuramérica,
_c[1960]
300 _a426 p. ;
_c21 cm.
651 4 _aCastilla la Vieja-
_zSituación económica.
_9155274
852 _aES-MaACL
_jC-18270
999 _c142264
_d142264